Представление документа в формате RUSMARC

ПолеНазваниеЗначение
  Тип записи a
  Библиографический уровень m
001 Контрольный номер UONB/MAIN/551375f6fb0e473eb4b57529bf9d2c47
005 Дата корректировки 20260429175301.0
010 Индекс ISBN __
d Цена 2 р. 40 к.
9 Тираж 30000 экз.
b Уточнения в пер.
100 Данные общей обработки __
a Данные общей обработки 20260429d1981 u y0rusy0189## ca
101 Язык документа 0_
a Язык текста rus
102 Страна публикации __
a Страна публикации RU
105 Кодированные данные (монография) __
a Кодированные данные (монография) a z 000zy
200 Заглавие и сведения об ответственности 1_
a Заглавие Бурное десятилетие
f Первые сведения об ответственности М. Г. Стуруа
e Сведения, относящиеся к заглавию американский дневник, 1968-1978
203 Вид содержания и тип средства __
a Вид содержания Текст
b Характеристика содержания визуальный
c Тип средства непосредственный
210 Выходные данные 1_
a Место издания Москва
c Издательство Советский писатель
d Дата издания 1981
215 Физическое описание __
a Объем 479 с.
d Формат 22 см
c Иллюстрации/тип воспроизводства ил.
607 Географические рубрики __
a Географическое наименование США
z Хронологический подзаголовок 20 в.
610 Ключевые слова 0_
a Ключевые слова США; дневники
675 Индекс УДК __
a Индекс УДК 32И(7)(США)
700 Автор _1
a Фамилия Стуруа
b Имя (инициалы) М. Г.
4 Код отношения 070
g Полное личное имя Мэлор Георгиевич
801 Источник записи _0
a Страна RU
b Организация Ульяновская ОНБ
c Дата составления 20260429
g Правила каталогизации RCR
801 Источник записи _1
a Страна RU
b Организация Ульяновская ОНБ
c Дата составления 20260429
g Правила каталогизации RCR
901 Тип документа __
t Тип документа m
909 Создатель записи __
a Создатель записи Шпак
b Дата создания записи 20260429